banner-ar

العقلانية والنهضة فى مشروع محمد عابد الجابرى / (Record no. 59882)

MARC details
000 -الفاتح
حقل البيانات ثابتة الطول 00969nam a22002417a 4500
005 - وقت وتاريخ اخر تعامل مع التسجيلة
رقم الضبط 20240530110341.0
008 - عناصر البيانات ثابتة الطول - معلومات عامة
حقل البيانات ثابتة الطول 141112s2012 le gr 001 0 ara d
020 ## - الرقم الدولى المعيارى للكتب
الرقم الدولى المعيارى للكتاب 9789953824680
040 ## - مصدر الفهرسة
وكالة الفهرسة الأصلية EG-CaGPL
082 04 - رقم تصنيف ديوى العشرى
رقم الطبعة 21
رقم التصنيف 149.7/
رقم المادة أ ع
100 0# - المدخل الرئيسى - إسم شخصى
الإسم الشخصى أنطوان سيف
245 12 - بيان العنوان
العنوان العقلانية والنهضة فى مشروع محمد عابد الجابرى /
بيان المسئوليه,etc أنطوان سيف ...[ وأخ ]
250 ## - بيان الطبعة
بيان الطبعة ط1
260 ## - PUBLICATION, DISTRIBUTION, ETC. (IMPRINT)
تاريخ النشر أو التوزيع 2012
300 ## - الوصف المادى
التعداد 384 ص ؛
أبعاد الوعاء 24 سم
500 ## - تبصرة عامة
تبصرة عامة بحوث ومناقشات الندوة الفكرية التى نظمها مركز دراسات الوحدة العربية
650 04 - المدخل الاضافى بالموضوع-مصطلح موضوعى
مصطلح موضوعي العقلانية
700 0# - المدخل الاضافى - اسم شخصى
الإسم الشخصى فريد العليبى
الدور مؤلف مشارك
700 0# - المدخل الاضافى - اسم شخصى
الإسم الشخصى حسن حنفى
الدور مؤلف مشارك
700 0# - المدخل الاضافى - اسم شخصى
الإسم الشخصى فيصل دراج
الدور مؤلف مشارك
700 0# - المدخل الاضافى - اسم شخصى
الإسم الشخصى رضوان السيد
الدور مؤلف مشارك
942 ## - عناصر المدخل الإضافي( كوها)
مصدر التصنيف او مخطط الترفيف Dewey Decimal Classification
Koha [default] item type كتاب
260 ## - PUBLICATION, DISTRIBUTION, ETC. (IMPRINT)
-- بيروت :
-- مركز دراسات الوحدة العربية ،
Holdings
حالة التراجع حالة الفقد حالة تلف ليس للاعارة المكان المؤقت الموقع الحالى تاريخ الاكتساب اجمالي اﻻعارات رقم الطلب الباركود تاريخ اخر مشاهدة تاريخ تفعيل السعر نوع وعاء كوها
        مكتبة القاهرة الكبرى مكتبة القاهرة الكبرى 11/12/2014   149.7 أ ع 158842 11/12/2014 11/12/2014 كتاب

Powered By

EGPV